000 00355nam a2200157Ia 4500
003 Ost
005 20260225132543.0
008 260225s9999||||xx |||||||||||||| ||und||
040 _cfsic
041 _afre
082 _a440
100 _aCatherine Bidou
_eAuteur
245 0 _aLes aventures du question /
245 0 _cCatherine Bidou
942 _cكتاب
999 _c33669
_d33669